World's Busiest Airports on a Map - Statistics

General Stats
  • This quiz has been taken 969 times
  • The average score is 45 of 50
Answers on the Map
Answers color-coded by a green-red scale on the quiz's map according to % correct below.
 
Answer Stats
# of Passengers City % Correct
46.4 m London (Gatwick)
98%
80.1 m London (Heathrow)
98%
61.6 m New York (JFK)
98%
46.0 m New York (Newark)
98%
72.2 m Paris
98%
87.5 m Tokyo (Haneda)
98%
42.6 m Tokyo (Narita)
98%
87.5 m Los Angeles
97%
57.9 m Madrid
97%
45.8 m Moscow (Sheremetyevo)
97%
89.1 m Dubai
96%
47.7 m Mexico City
96%
43.0 m Rome
96%
45.0 m Miami
95%
57.7 m San Francisco
95%
71.0 m Amsterdam
94%
50.1 m Barcelona
94%
101 m Beijing
94%
83.3 m Chicago
94%
68.2 m Istanbul
94%
68.4 m Seoul
94%
69.9 m Delhi
93%
49.8 m Seattle
93%
44.5 m Sydney
93%
63.4 m Bangkok
92%
49.9 m Mumbai
92%
65.6 m Singapore
92%
107 m Atlanta
91%
69.1 m Dallas
91%
74.5 m Hong Kong
91%
43.6 m Shanghai (Hongqiao)
91%
74.0 m Shanghai (Pudong)
91%
43.8 m Houston
90%
66.9 m Jakarta
90%
44.5 m Manila
90%
46.3 m Munich
90%
69.5 m Frankfurt
89%
49.9 m Las Vegas
89%
49.5 m Toronto
89%
46.6 m Taipei
88%
60.0 m Kuala Lumpur
86%
47.7 m Orlando
86%
64.5 m Denver
83%
44.9 m Phoenix
80%
69.8 m Guangzhou
79%
46.4 m Charlotte
70%
49.3 m Shenzhen
67%
44.7 m Xi'an
61%
53.0 m Chengdu
58%
47.2 m Kunming
38%
No matching quizzes found
Score Distribution
Percent of People with Each Score
Percentile by Number Answered
Your Score History
You have not taken this quiz